00468nas a2200193Ia 4500001001600000003001000016005001700026008004100043040002500084041000700109100001800116245002900134250002800163260000900191300001600200500003200216650001300248654001300261A50/R185-35618 IT-MiCISF20260107140056.0161014c99999999xx |||||||||||| ||und|| aIT-MiCISFcIT-MiCISF ait aLiggeri Paolo 0aRipensando al referendum a"La casa", n. 6, giugno c1974 app. 265-269 adivorzio, chiesa, società aDivorzio aarticolo